00767nam a2200205 i 450000100060000000300090000600500170001500700030003200800410003510000260007624501280010226000330023030000260026360000520028970000290034170000300037085200220040099900170042295201220043978793ES-MaACL20230906173822.0t|041018s1968 sp ||||1| spa d1 aHayek, Michel.96219110aCharbel Makhluf, monje de Oriente (1828-1898) / cMichel Hayek ; [traducción, Jesús Bermejo y Manuel Tardío, C.M.F.]. aMadrid : bCoculsa, c[1968] aXV, 135 p. ; c21 cm.04aCharbel Makhlouf, cSanto (d1828-1898)91720651 aBermejo, Jesús.9280871 aTardío, Manuel.9109279 aES-MaACLjC-49888 c78793d78793 00104070aATENEOMbATENEOMcDEPO2d2008-01-17eSCl0oC-49888p1082406r2023-02-23 00:00:00w2023-02-23yMONOGRAFIA